English intonation ; An introduction
Salvato in:
| Autore principale: | |
|---|---|
| Natura: | Libro |
| Lingua: | inglese |
| Pubblicazione: |
Cambridge
Cambridge University
2006
|
| Soggetti: | |
| Tags: |
Aggiungi Tag
Nessun Tag, puoi essere il primo ad aggiungerne!!
|
MARC
| LEADER | 00000nam a22000005a 4500 | ||
|---|---|---|---|
| 003 | CL-ChBUA | ||
| 005 | 20130909135524.0 | ||
| 008 | 130909s2006 xxk||||| |||| 000 ||eng | ||
| 020 | |a 9780521683807 | ||
| 040 | |a CL-ChBUA |c CL-ChBUA | ||
| 082 | 0 | 0 | |a 421.54 |
| 100 | 1 | |a Wells, J.C. | |
| 245 | 1 | 0 | |a English intonation ; |b An introduction |
| 260 | |a Cambridge |b Cambridge University |c 2006 | ||
| 300 | |a ix, 276 p. |c 25 cm. |e + 1 CD-ROM | ||
| 500 | |a 7th printing 2012 | ||
| 504 | |a índice, apéndice | ||
| 650 | 4 | |a INGLES - ENTONACION | |
| 942 | |2 ddc |c LIB | ||
| 952 | |0 0 |1 0 |2 ddc |4 0 |6 421_540000000000000_W_453 |7 0 |9 1137877 |a UNACH |b UNACH |c 400 |d 2013-09-09 |i 51.493 |l 4 |m 2 |o 421.54 / W 453 |p 73836 |r 2026-03-12 17:52:35 |s 2026-03-09 |t 1 |w 2013-09-09 |y LIB | ||
| 952 | |0 0 |1 0 |2 ddc |4 0 |6 421_540000000000000_W_453 |7 0 |9 1137878 |a UNACH |b UNACH |c 400 |d 2013-09-09 |i 51.494 |l 3 |m 3 |o 421.54 / W 453 |p 73837 |r 2025-06-26 16:49:34 |s 2025-06-25 |t 2 |w 2013-09-09 |y LIB | ||
| 999 | |c 2060249 |d 2060249 | ||